Mind map : handbook

Bibliographic Details
Main Author: Buzan, Tony
Corporate Author: Title
Format: Book
Published: London : Thorsons , 2005
Subjects:

MARC

LEADER 00000cam a2200000 7i4500
001 0000012357
005 20071213.0
008 071213
020 |a 0007728913 
090 0 0 |a 153.1   |b BUZ 
100 1 |a Buzan, Tony 
245 1 0 |a Mind map :   |b handbook   |c Tony Buzan 
260 |a London :   |b Thorsons ,   |c 2005 
650 0 |a Brain 
650 0 |a Creative ability 
650 0 |a English fiction 
650 0 |a Intellect 
710 0 |a Title 
999 |a 0001003683   |b Book   |c Adult Collection   |e Perbadanan Perpustakaan Awam Johor 
999 |a 0001003685   |b Book   |c Adult Collection   |e Perbadanan Perpustakaan Awam Johor